Kosmopol : Ako sa tvorí imaginárium /
Na minha lista:
| Main Authors: | , , , |
|---|---|
| Outros Autores: | , |
| Formato: | Livro |
| Idioma: | eslovaco |
| Publicado em: |
Banská Štiavnica :
Vlnoplocha,
2022
|
| Edição: | 1. vydanie |
| Assuntos: | |
| Tags: |
Sem tags, seja o primeiro a adicionar uma tag!
|
MARC
| LEADER | 00000nam a22000003a 4500 | ||
|---|---|---|---|
| 001 | 0101766 | ||
| 003 | SK-STU | ||
| 005 | 20230509165742.7 | ||
| 007 | ta | ||
| 008 | 230509s ----xo-----e------000-0-----d | ||
| 020 | |a 978-80-974447-0-9 | ||
| 040 | |a STU |b slo | ||
| 041 | 0 | |a slo | |
| 044 | |a xo | ||
| 100 | 1 | |a Jakubová, Klára |4 aut | |
| 245 | 1 | 0 | |a Kosmopol : |b Ako sa tvorí imaginárium / |c aut. Klára Jakubová, Mila Dromovich, Veronika Hajdučíková, Daniel Harvan ; rec. Michaela Mojžišová, Monika Vrzgulová |
| 250 | |a 1. vydanie | ||
| 260 | |a Banská Štiavnica : |b Vlnoplocha, |c 2022 | ||
| 300 | |a 295 s. | ||
| 650 | 0 | 7 | |a divadlo |
| 650 | 0 | 7 | |a dejiny |
| 650 | 0 | 7 | |a 20. storočie |
| 650 | 0 | 7 | |a malé mesto |
| 650 | 0 | 7 | |a Banská Štiavnica |
| 650 | 0 | 7 | |a scénografia |
| 700 | 1 | |a Dromovich, Mila |4 aut | |
| 700 | 1 | |a Hajdučíková, Veronika |4 aut | |
| 700 | 1 | |a Harvan, Daniel |4 aut | |
| 700 | 1 | |a Mojžišová, Michaela |4 rev | |
| 700 | 1 | |a Vrzgulová, Monika |4 rev | |
| 996 | |b 284AU09655 |c A* 13017/U |l AAKNST |s P |a 0 |w 0101766_0001 | ||
| 996 | |b 284AU09656 |c A* 13018/U |l AAKNAR |s A |a 24 |w 0101766_0002 | ||